| 000 | 00511nam a2200217Ia 4500 | ||
|---|---|---|---|
| 003 | OSt | ||
| 005 | 20220924142016.0 | ||
| 006 | a|||||r|||| 00| 0 | ||
| 007 | ta | ||
| 008 | 220923b |||||||| |||| 00| 0 ben d | ||
| 024 | _a300078 | ||
| 037 | _cTextual | ||
| 040 |
_aARTS _cARTS _bben |
||
| 041 |
_2ben _aben |
||
| 082 | _aU8.2.G5, 157M0 | ||
| 245 | 0 | _aMrcopolor dekha Bharat | |
| 260 | _c1980 | ||
| 650 | _aGEOGRAPHY | ||
| 942 |
_hU8.2.G5, 157M0 _cTEXL _2CC |
||
| 999 |
_c448976 _d448976 |
||